Empire Flags - Statistics

General Stats
  • This quiz has been taken 144 times
    137 since last reset
  • The average score is 14 of 42
Answer Stats
Picture Answer % Correct
Soviet Union
81%
Holy Roman Empire
66%
Austria-Hungary
52%
German Empire
52%
Mexican Empire
52%
Korean Empire
51%
Roman Empire
51%
Spanish Empire
51%
British Empire
49%
Japanese Empire
48%
Yugoslavia
47%
Mongol Empire
45%
Italian Empire
44%
Ottoman Empire
41%
Portuguese Empire
37%
Qing Dynasty
37%
Achaemenid Empire
34%
Byzantine Empire
34%
Ethiopian Empire
34%
Belgian Empire
32%
Empire of Brazil
32%
Sweden-Norway
32%
Kalmar Union
29%
Macedonian Empire
29%
Polish Lithuania
29%
Republic of China
26%
Gran Colombia
23%
Inca
22%
Kingdom of Egypt
21%
Abbasid Caliphate
18%
Seljuk Empire
18%
Timurid Empire
18%
Maurya Empire
16%
Khmer Empire
15%
Mali Empire
15%
Umayyad Caliphate
15%
Kazakh Khanate
14%
First French Empire
12%
Kingdom of Siam
11%
Durrani Empire
10%
Dutch Colonial Empire
10%
French Colonial Empire
10%
No matching quizzes found
Score Distribution
Percent of People with Each Score
Percentile by Number Answered
Your Score History
You have not taken this quiz since the last reset